MARC

LEADER 00000nam0a2200000 4500
001 310395
005 20231102002301.0
020 |a RU  |b 82-7903 
035 |a (RuTPU)RU\TPU\book\335744 
090 |a 310395 
100 |a 20151125d1981 km y0rusy5003 ca 
101 0 |a rus 
102 |a UA 
105 |a a z 001zy 
200 1 |a Экономическое управление созданием систем машин  |f С. М. Ямпольский [и др.]  |g Академия наук Узбекской ССР (АН УзССР), Институт экономики 
210 |a Киев  |c Наукова думка  |d 1981 
215 |a 235 с.  |c ил. 
320 |a Библиогр.: с. 226-231 
320 |a Предметный указатель: с. 232-233 
606 1 |a Машиностроение  |x Освоение новых изделий и конструкций  |2 stltpush  |3 (RuTPU)RU\TPU\subj\41455  |9 61246 
610 1 |a технико-экономические показатели 
610 1 |a экономическое управление 
610 1 |a методология 
610 1 |a классификация 
610 1 |a планирование 
610 1 |a экономическая эффективность 
675 |a 621.002:658.512.4  |z rus  |v 3 
701 1 |a Ямпольский  |b С. М.  |g Стефан Михайлович 
701 1 |a Козаченко  |b С. В.  |g Сергей Викторович 
701 1 |a Лобанов  |b В. В.  |g Вячеслав Вячеславович 
701 1 |a Майданович  |b А. М.  |g Александр Максимович 
712 0 2 |a Академия наук Узбекской ССР (АН УзССР)  |b Институт экономики  |c (Ташкент)  |2 stltpush  |3 (RuTPU)RU\TPU\col\18993 
801 0 |a RU  |b RuMRKP  |c 19950704  |g psbo 
801 1 |a RU  |b 63413507  |c 20151125 
801 2 |a RU  |b 63413507  |c 20180926  |g RCR 
942 |c BK